[Event "Montevidio Trebejos op"]
[Site "Montevidio"]
[Date "2024.05.08"]
[Round "3"]
[White "Lopez Falcon, Jorge"]
[Black "Guerrero, Alvaro"]
[Result "0-1"]
[WhiteElo "2026"]
[BlackElo "1987"]
[PlyCount "180"]
[EventDate "2024.04.17"]
[EventType "swiss"]
[EventRounds "6"]
[EventCountry "URU"]
[SourceTitle "EXT 2025"]
[Source "ChessBase"]
[SourceDate "2024.10.14"]
[SourceVersion "1"]
[SourceVersionDate "2024.10.14"]
[SourceQuality "1"]

1. d4 Nf6 2. c4 e6 3. g3 Bb4+ 4. Bd2 a5 5. Bg2 0-0 6. Nc3 d6 7. Qc2 Nbd7 8. Nf3 Re8 9. 0-0 Qe7 10. a3 Bxc3 11. Bxc3 Nb6 12. Qd3 Na4 13. Bd2 e5 14. Qc2 Nb6 15. dxe5 dxe5 16. c5 Nbd7 17. c6 bxc6 18. Qxc6 Ba6 19. Rac1 Ra7 20. Be3 Bb7 21. Qc4 Bd5 22. Qc3 Nb6 23. Rfd1 h6 24. Nd2 Bxg2 25. Kxg2 Nfd5 26. Qc5 Nxe3+ 27. Qxe3 Rb7 28. Ne4 Rbb8 29. Nc5 Rbd8 30. Qc3 Rxd1 31. Rxd1 a4 32. Qb4 Ra8 33. Qb5 Qe8 34. Qxe8+ Rxe8 35. Rc1 e4 36. Na6 Re7 37. Nxc7 Rd7 38. Rc2 Rd8 39. f3 exf3+ 40. Kxf3 Rc8 41. Rc3 Rd8 42. Rc6 Nd7 43. Rc3 Rb8 44. Rc2 Rb3+ 45. Kg2 Nf6 46. h3 Ne4 47. g4 Ng5 48. Nd5 Ne4 49. Nb4 Rg3+ 50. Kh2 Re3 51. Nd5 Rb3 52. h4 Kh7 53. Nf4 Re3 54. Nd3 f6 55. h5 Nd6 56. Nf4 Kg8 57. Kg2 Nb5 58. Kf2 Re4 59. Kf3 Re8 60. Rc4 Ra8 61. e3 Kf7 62. Rc5 Rb8 63. Rc4 Ra8 64. Rb4 Ra5 65. Nd5 Nd6 66. Nc3 f5 67. Rxa4 fxg4+ 68. Kxg4 Rg5+ 69. Kf4 Rxh5 70. Ra7+ Kf6 71. Ra6 Ke7 72. a4 Rf5+ 73. Kg3 Re5 74. Kf3 Nc4 75. Kf4 g5+ 76. Kf3 h5 77. Ra7+ Ke6 78. Ra6+ Kf7 79. Ra7+ Ke6 80. Ra6+ Kd7 81. Ra7+ Kc6 82. Nd1 Nd2+ 83. Ke2 Nb3 84. Nc3 h4 85. Rh7 Nd4+ 86. Kf2 Rf5+ 87. Kg2 Nc2 88. e4 Rf4 89. a5 Ne1+ 90. Kg1 g4 0-1

[Event "Montevidio Trebejos op"]
[Site "Montevidio"]
[Date "2024.04.24"]
[Round "2"]
[White "Elena, Eduardo"]
[Black "Lopez Falcon, Jorge"]
[Result "1/2-1/2"]
[WhiteElo "1972"]
[BlackElo "2026"]
[PlyCount "63"]
[EventDate "2024.04.17"]
[EventType "swiss"]
[EventRounds "6"]
[EventCountry "URU"]
[SourceTitle "EXT 2025"]
[Source "ChessBase"]
[SourceDate "2024.10.14"]
[SourceVersion "1"]
[SourceVersionDate "2024.10.14"]
[SourceQuality "1"]

1. e4 c5 2. Nf3 g6 3. d4 cxd4 4. Nxd4 Bg7 5. c4 Nc6 6. Be3 Nf6 7. Nc3 0-0 8. Be2 d6 9. 0-0 Bd7 10. h3 Nxd4 11. Bxd4 Bc6 12. Rc1 e5 13. Be3 Nxe4 14. Nxe4 Bxe4 15. Bf3 Bc6 16. Bd5 Qd7 17. Qd3 Bxd5 18. Qxd5 Qc6 19. Rfd1 Rfd8 20. c5 Qxd5 21. Rxd5 dxc5 22. Rxd8+ Rxd8 23. Rxc5 e4 24. Rc4 f5 25. Bxa7 Rd1+ 26. Kh2 Be5+ 27. g3 Rd2 28. Rc5 Bxb2 29. Rc8+ Kf7 30. Rc7+ Ke6 31. Rxb7 Bd4 32. Bxd4 1/2-1/2

[Event "Montevidio Trebejos op"]
[Site "Montevidio"]
[Date "2024.04.17"]
[Round "1"]
[White "Lopez Falcon, Jorge"]
[Black "Ferrari, Carlos"]
[Result "1-0"]
[WhiteElo "2026"]
[BlackElo "1764"]
[PlyCount "67"]
[EventDate "2024.04.17"]
[EventType "swiss"]
[EventRounds "6"]
[EventCountry "URU"]
[SourceTitle "EXT 2025"]
[Source "ChessBase"]
[SourceDate "2024.10.14"]
[SourceVersion "1"]
[SourceVersionDate "2024.10.14"]
[SourceQuality "1"]

1. d4 d5 2. c4 c6 3. Nf3 Nf6 4. Nc3 e6 5. e3 Nbd7 6. Bd3 h6 7. 0-0 Bd6 8. e4 dxe4 9. Nxe4 Nxe4 10. Bxe4 0-0 11. Bc2 Bc7 12. Qd3 f5 13. Re1 Nf6 14. Ne5 Kh7 15. Bd2 a5 16. Rad1 Ne4 17. Rxe4 fxe4 18. Qxe4+ Rf5 19. g4 Qf6 20. Re1 g6 21. gxf5 gxf5 22. Qf4 Bd7 23. Kh1 Be8 24. Nd7 Bxd7 25. Qxc7 Qg7 26. Rg1 Qe7 27. Qf4 Qf6 28. Bc3 Re8 29. Rg3 b6 30. h4 b5 31. h5 c5 32. Rg6 Qf8 33. Bd2 e5 34. Rxh6+ 1-0

[Event "Montevideo Miercoles Trebejos 2nd"]
[Site "Montevideo"]
[Date "2022.08.24"]
[Round "6"]
[White "Lopez Falcon, Jorge"]
[Black "Vassallo, Mariano"]
[Result "1-0"]
[WhiteElo "2085"]
[BlackElo "1685"]
[PlyCount "79"]
[EventDate "2022.07.20"]
[EventType "swiss"]
[EventRounds "6"]
[EventCountry "URU"]
[SourceTitle "EXT 2024"]
[Source "ChessBase"]
[SourceDate "2023.10.10"]
[SourceVersion "1"]
[SourceVersionDate "2023.10.10"]
[SourceQuality "1"]

1. d4 Nf6 2. Nf3 e6 3. c4 b6 4. g3 Bb7 5. Bg2 d5 6. 0-0 Be7 7. Nc3 0-0 8. Ne5 Nbd7 9. Qa4 Nxe5 10. dxe5 Nd7 11. cxd5 Nc5 12. Qg4 exd5 13. Bh6 Ne6 14. Nxd5 Bxd5 15. Rfd1 c6 16. e4 f5 17. exf6 Rxf6 18. Be3 Nc7 19. Rac1 Rd6 20. exd5 Nxd5 21. Bd4 Bf6 22. Bxf6 Nxf6 23. Qc4+ Nd5 24. Qg4 Nf6 25. Qf3 Rc8 26. Rxd6 Qxd6 27. Rxc6 Rxc6 28. Qxc6 Qd1+ 29. Bf1 h6 30. Qa8+ Kh7 31. Qxa7 Ne4 32. Qxb6 Nd2 33. Qb5 Nf3+ 34. Kh1 Nd2 35. Qd3+ Kh8 36. Kg2 Qc1 37. Qd8+ Kh7 38. Bd3+ g6 39. Qe7+ Kg8 40. Qe8+ 1-0

[Event "Montevideo Miercoles Trebejos 2nd"]
[Site "Montevideo"]
[Date "2022.07.20"]
[Round "1"]
[White "Lopez Falcon, Jorge"]
[Black "Vassallo, Julio"]
[Result "1-0"]
[WhiteElo "2085"]
[BlackElo "1621"]
[PlyCount "79"]
[EventDate "2022.07.20"]
[EventType "swiss"]
[EventRounds "6"]
[EventCountry "URU"]
[SourceTitle "EXT 2024"]
[Source "ChessBase"]
[SourceDate "2023.10.10"]
[SourceVersion "1"]
[SourceVersionDate "2023.10.10"]
[SourceQuality "1"]

1. d4 Nf6 2. c4 c5 3. d5 e6 4. Nc3 exd5 5. cxd5 d6 6. e4 g6 7. Nf3 a6 8. a4 Bg7 9. Bd3 0-0 10. h3 Re8 11. 0-0 Nbd7 12. Bf4 c4 13. Be2 Nc5 14. Re1 Qb6 15. Qc1 Bd7 16. a5 Qc7 17. Nd2 Nd3 18. Bxd3 cxd3 19. Be3 Rac8 20. Bb6 Qb8 21. Qb1 Nh5 22. Qxd3 Nf4 23. Qf3 Be5 24. Nf1 Re7 25. Ng3 Rf8 26. Nge2 Nxe2+ 27. Rxe2 Qe8 28. Qd3 f5 29. Bd4 fxe4 30. Qc4 Bxd4 31. Qxd4 Bf5 32. g4 Bd7 33. Rxe4 Qf7 34. Rae1 Re5 35. Rxe5 dxe5 36. Rxe5 Qf3 37. Qe3 Qf6 38. Re7 Rf7 39. Rxd7 Rxd7 40. Qe8+ 1-0

[Event "Montevideo Trebejos op 03"]
[Site "Montevideo"]
[Date "2021.03.08"]
[Round "1"]
[White "Bon, Charles"]
[Black "Lopez Falcon, Jorge"]
[Result "0-1"]
[WhiteElo "1614"]
[BlackElo "2118"]
[PlyCount "44"]
[EventDate "2021.03.08"]
[EventType "swiss"]
[EventRounds "6"]
[EventCountry "URU"]
[SourceTitle "EXT 2022"]
[Source "ChessBase"]
[SourceDate "2021.10.06"]
[SourceVersion "1"]
[SourceVersionDate "2021.10.06"]
[SourceQuality "1"]

1. e4 c5 2. Nf3 Nc6 3. d4 cxd4 4. Nxd4 g6 5. Nc3 Bg7 6. Be3 Nf6 7. Bc4 0-0 8. h3 d6 9. Qd2 Bd7 10. 0-0 Rc8 11. Be2 Ne5 12. Rad1 Nc4 13. Bxc4 Rxc4 14. f3 a6 15. Rfe1 b5 16. Nce2 Qa8 17. c3 Rfc8 18. Nc1 Be8 19. Nd3 a5 20. e5 Nd5 21. Bg5 b4 22. cxb4 Rxd4 0-1

[Event "Montevideo Nazzari Cup"]
[Site "Montevideo"]
[Date "2019.10.20"]
[Round "7"]
[White "Lopez Falcon, Jorge"]
[Black "Vazquez, Facundo"]
[Result "1/2-1/2"]
[WhiteElo "2166"]
[BlackElo "2103"]
[PlyCount "79"]
[EventDate "2019.10.14"]
[EventType "swiss"]
[EventRounds "7"]
[EventCountry "URU"]
[SourceTitle "CBM 192 Extra"]
[Source "Chessbase"]
[SourceDate "2019.11.06"]
[SourceVersion "1"]
[SourceVersionDate "2019.11.06"]
[SourceQuality "1"]

1. d4 Nf6 2. c4 g6 3. Nf3 Bg7 4. Nc3 0-0 5. g3 d6 6. Bg2 Nbd7 7. 0-0 e5 8. e4 exd4 9. Nxd4 Re8 10. Re1 a6 11. h3 Rb8 12. Be3 c5 13. Nc2 Qe7 14. Rc1 b5 15. cxb5 axb5 16. Bg5 h6 17. Nd5 Qf8 18. Bf4 Nxd5 19. Qxd5 Ne5 20. Rcd1 Be6 21. Qxd6 Qxd6 22. Rxd6 Bxa2 23. b4 Bf8 24. Ra6 Bb3 25. Na1 Bc4 26. bxc5 Bxc5 27. Bxe5 Rxe5 28. Bf1 Rd8 29. Bxc4 bxc4 30. Ra2 Rd4 31. Rae2 f5 32. Nc2 Rdxe4 33. Rxe4 Rxe4 34. Rxe4 fxe4 35. Kg2 Kf7 36. f3 exf3+ 37. Kxf3 Kf6 38. Ke4 Bd6 39. Ne3 Bxg3 40. Nxc4 1/2-1/2

[Event "Montevideo Trebejos Primavera op"]
[Site "Montevideo"]
[Date "2019.09.16"]
[Round "3"]
[White "Lopez Falcon, Jorge"]
[Black "Avedisian, Alexander"]
[Result "1-0"]
[WhiteElo "2166"]
[BlackElo "1877"]
[PlyCount "83"]
[EventDate "2019.09.09"]
[EventType "swiss"]
[EventRounds "6"]
[EventCountry "URU"]
[SourceTitle "CBM 195 Extra"]
[Source "ChessBase"]
[SourceDate "2020.05.31"]
[SourceVersion "1"]
[SourceVersionDate "2020.05.31"]
[SourceQuality "1"]

1. d4 Nf6 2. c4 g6 3. Nc3 Bg7 4. Nf3 0-0 5. g3 c5 6. Bg2 d6 7. dxc5 dxc5 8. Qxd8 Rxd8 9. Be3 Nc6 10. Bxc5 Be6 11. Nd2 Rd7 12. Bxc6 bxc6 13. 0-0-0 Bh6 14. b3 Rad8 15. f4 g5 16. Rhf1 Bh3 17. Rg1 Kf8 18. Nf3 gxf4 19. Rxd7 Nxd7 20. Bxa7 fxg3+ 21. Kb2 gxh2 22. Nxh2 Bg7 23. Nf3 c5 24. Ng5 h6 25. Nxh3 Ra8 26. Rxg7 Kxg7 27. Nb5 Kf6 28. Kc3 Kf5 29. a3 Rg8 30. Nf2 Rg3+ 31. Nd3 h5 32. b4 h4 33. bxc5 h3 34. c6 h2 35. cxd7 h1Q 36. d8Q Qe1+ 37. Kb3 Qb1+ 38. Ka4 Qc2+ 39. Kb4 Qd2+ 40. Nc3 Rg1 41. Qd5+ Kg6 42. Ne5+ 1-0

[Event "Montevideo Trebejos Verano op"]
[Site "Montevideo"]
[Date "2019.01.30"]
[Round "6"]
[White "Carbone, Diego"]
[Black "Lopez Falcon, Jorge"]
[Result "1-0"]
[WhiteElo "2256"]
[BlackElo "2098"]
[PlyCount "65"]
[EventDate "2019.01.18"]
[EventType "swiss"]
[EventRounds "7"]
[EventCountry "URU"]
[SourceTitle "CBM 188 Extra"]
[Source "ChessBase"]
[SourceDate "2019.02.28"]
[SourceVersion "1"]
[SourceVersionDate "2019.02.28"]
[SourceQuality "1"]

1. d4 d5 2. Nf3 c5 3. c4 cxd4 4. Nxd4 e5 5. Nf3 d4 6. a3 Nc6 7. e3 a5 8. exd4 exd4 9. Bd3 Nf6 10. 0-0 Be7 11. Re1 0-0 12. h3 h6 13. Bf4 Bd6 14. Bxd6 Qxd6 15. Nc3 Rd8 16. Nb5 Qc5 17. Qd2 Bd7 18. Rad1 a4 19. Nbxd4 Re8 20. Nb5 Ne5 21. Nxe5 Rxe5 22. Rxe5 Qxe5 23. Re1 Qc5 24. Qf4 Bc6 25. Re5 Qb6 26. c5 Qd8 27. Nd6 b6 28. Bc4 bxc5 29. Nxf7 Qd1+ 30. Kh2 Nd5 31. Nxh6+ Kh8 32. Nf7+ Kg8 33. Ng5 1-0